Capullito 2 : (Registro nro. 9935)

Detalles MARC
000 -LEADER
fixed length control field 01336nam a2200349 a 4500
001 - CONTROL NUMBER
control field 0000341
003 - CONTROL NUMBER IDENTIFIER
control field DO-SdBNP
005 - DATE AND TIME OF LATEST TRANSACTION
control field 20160427113254.0
007 - PHYSICAL DESCRIPTION FIXED FIELD--GENERAL INFORMATION
fixed length control field 0000341
008 - FIXED-LENGTH DATA ELEMENTS--GENERAL INFORMATION
fixed length control field 091120s2007 dr a 000 0 spa d
020 ## - INTERNATIONAL STANDARD BOOK NUMBER
International Standard Book Number 9945400185
040 ## - CATALOGING SOURCE
Original cataloging agency BPMSU
Language of cataloging spa
Transcribing agency BPMSU
092 ## - LOCALLY ASSIGNED DEWEY CALL NUMBER (OCLC)
Classification number 372.21
Item number C965c, 2, 2007
100 1# - MAIN ENTRY--PERSONAL NAME
Personal name Cuello del Orbe, Elisa Ysabel
245 10 - TITLE STATEMENT
Title Capullito 2 :
Remainder of title nivel inicial /
Statement of responsibility, etc. Elisa Ysabel Cuello del Orbe ; ilustraciones Ramón L. Sandoval.
260 ## - PUBLICATION, DISTRIBUTION, ETC. (IMPRINT)
Place of publication, distribution, etc. Santo Domingo :
Name of publisher, distributor, etc. Actualidad escolar 2000
Date of publication, distribution, etc. 200u-
300 ## - PHYSICAL DESCRIPTION
Extent 301 p.:
Other physical details il. ;
Dimensions 22 cm.
490 1# - SERIES STATEMENT
Series statement Renacer
500 ## - GENERAL NOTE
General note Este libro ha sido realizado de acuerdo al curriculum vigente y ha sido sometido a la evaluación y aprobación de la SEE (Secretaría de Estado de Educación )
505 ## - FORMATTED CONTENTS NOTE
Title Mi escuela --
-- Mi persona y mi familia --
-- Las plantas, los alimentos y los animales --
-- Mi país --
-- Festivales nacionales --
650 ## - SUBJECT ADDED ENTRY--TOPICAL TERM
Topical term or geographic name as entry element EDUCACIÓN PREESCOLAR
650 ## - SUBJECT ADDED ENTRY--TOPICAL TERM
Topical term or geographic name as entry element EDUCACIÓN DE NIÑOS
650 ## - SUBJECT ADDED ENTRY--TOPICAL TERM
Topical term or geographic name as entry element EDUCACIÓN EN LA PRIMERA INFANCIA
650 ## - SUBJECT ADDED ENTRY--TOPICAL TERM
Topical term or geographic name as entry element JARDINES INFANTILES
650 ## - SUBJECT ADDED ENTRY--TOPICAL TERM
Topical term or geographic name as entry element EDUCACIÓN PREESCOLAR
General subdivision LIBROS DE TEXTO
650 ## - SUBJECT ADDED ENTRY--TOPICAL TERM
Topical term or geographic name as entry element EDUCACIÓN PREESCOLAR
General subdivision ESTUDIOS Y EJERCICIOS
700 1# - ADDED ENTRY--PERSONAL NAME
Personal name Sandoval, Ramón L.,
Relator term il.
830 #0 - SERIES ADDED ENTRY--UNIFORM TITLE
Uniform title Renacer
910 ## - USER-OPTION DATA (OCLC)
User-option data 00144
942 ## - ADDED ENTRY ELEMENTS (KOHA)
Source of classification or shelving scheme Dewey Decimal Classification
Koha item type Libros
956 ## - LOCAL ELECTRONIC LOCATION AND ACCESS (OCLC)
Host name Yngrid Lockward
Access number 10
Existencias
Withdrawn status Lost status Source of classification or shelving scheme Damaged status Not for loan Collection code Home library Current library Date acquired Total Checkouts Barcode Date last seen Price effective from Koha item type
    Dewey Decimal Classification     Colección Infantil Dominicana Biblioteca Pública Metropolitana Salomé Ureña Biblioteca Pública Metropolitana Salomé Ureña 04/27/2016   BPMSU16040717 04/27/2016 04/27/2016 Libros